De quel film Disney/Pixar provient cet objet emblématique ? - Statistiques

Statistiques générales
  • Ce quiz a été pris 125 fois
  • Le résultat moyen est 10 sur 12
Statistiques - réponses
Par images Réponse % Correct
aladdin
97%
cendrillon
97%
blanche neige
95%
la belle et la bete
91%
la belle au bois dormant
90%
hercule
85%
vaiana
84%
raiponce
76%
merlin l'enchanteur
75%
la petite sirene
69%
les mondes de ralph
54%
wall-e
52%
Aucun quiz correspondant
Distribution des résultats
% des personnes avec chaque résultat
Percentile par nombre de réponses
Votre historique - résultats
Vous n’avez pas pris ce quiz